La buena letra.

Kaydedildi:
Detaylı Bibliyografya
Yazar: Chirbes, Rafael (autor)
Materyal Türü: Kitap
Dil:İngilizce
Baskı/Yayın Bilgisi: Barcelona, España: Anagrama, 2007.
Edisyon:Primera edición.
Seri Bilgileri:Compactos,
Konular:
Etiketler: Etiketle
Etiket eklenmemiş, İlk siz ekleyin!

MARC

LEADER 00000nam a22000007a 4500
003 CL-VaPUC
005 20241127095034.0
008 241115t2007 ||||| |||| 00| 0 eng d
999 |c 445727  |d 445725 
020 |a 978-84-339-7302-3 
040 |c Pontificia Universidad Católica de Valparaíso 
082 |2 22  |a 863.7 CHI 2007 
100 |9 893862  |a Chirbes, Rafael  |e autor 
245 |a La buena letra. 
250 |a Primera edición. 
260 |a Barcelona, España:  |b Anagrama,   |c 2007. 
300 |a 156 páginas. 
490 |a Compactos,   |n 446. 
500 |a c.1 Donación. Memo EDU. 12-11-2024. 
583 |c 20241115  |k Yessy Sthefany Diaz Vidal 
650 0 |9 265052  |a Novelas españolas  |x Vida familiar, sufrimiento, etc.  |y Siglo 21  
942 |2 ddc  |c BK 
952 |0 0  |1 0  |2 ddc  |4 0  |6 863_700000000000000_CHI_2007  |7 0  |8 A  |9 598059  |a BIBEDU  |b BIBEDU  |d 2024-11-15  |e Donación  |i 5663242  |l 1  |o 863.7 CHI 2007  |p 5663242  |r 2025-03-24  |s 2025-03-21  |t 1  |w 2024-11-15  |y BK  |k EDU